书目信息 |
| 题名: |
电工电子实验与计算机仿真
|
|
| 作者: | 邹其洪 主编 | |
| 分册: | ||
| 出版信息: | 北京 电子工业出版社 2012 |
|
| 页数: | 335页 | |
| 开本: | 24cm | |
| 丛书名: | ||
| 单 册: | ||
| 中图分类: | TM-33 , TN01-33 | |
| 科图分类: | ||
| 主题词: | 电子技术--实验--高等教育--教材 , 计算机仿真--高等教育--教材 , 电工试验--高等教育--教材 , 电子技术 , 计算机仿真 , 电工试验 | |
| 电子资源: | ||
| ISBN: | 978-7-121-16135-3 | |
| 000 | 01069nam0 2200313 450 | |
| 001 | 140519 | |
| 005 | 20140928164032.54 | |
| 010 | @a978-7-121-16135-3@dCNY 39.00 | |
| 100 | @a20120418d2012 em y0chiy50 ea | |
| 101 | 0 | @achi |
| 102 | @aCN@b110000 | |
| 105 | @aa z 000yy | |
| 200 | 1 | @a电工电子实验与计算机仿真@Adian gong dian zi shi yan yu ji suan ji fang zhen@b专著@f邹其洪主编 |
| 205 | @a3版 | |
| 210 | @a北京@c电子工业出版社@d2012 | |
| 215 | @a335页@c图@d24cm | |
| 300 | @a普通高等教育“十二五”规划教材 电工电子实践系列 | |
| 330 | @a本书共分7章,介绍了常用电工测量仪表和电子实验测量仪器的基本原理与使用方法,常用电子电路元器件,电路原理实验,三相电动机和直流电动机的性能与控制方法实验等内容。 | |
| 606 | 0 | @a电子技术@x实验@x高等教育@j教材 |
| 606 | 0 | @a计算机仿真@x高等教育@j教材 |
| 606 | 0 | @a电工试验@x高等教育@j教材 |
| 606 | 0 | @a电子技术 |
| 606 | 0 | @a计算机仿真 |
| 606 | 0 | @a电工试验 |
| 690 | @aTM-33@v5 | |
| 690 | @aTN01-33@v5 | |
| 701 | 0 | @a邹其洪@Azou qi hong@c(教师)@4主编 |
| 801 | 0 | @c20140928 |
| 905 | @a241430@dTM-33@eZ9682=3 | |
| 电工电子实验与计算机仿真/邹其洪主编.-3版.-北京:电子工业出版社,2012 |
| 335页:图;24cm |
| 普通高等教育“十二五”规划教材 电工电子实践系列 |
| ISBN 978-7-121-16135-3:CNY 39.00 |
| 本书共分7章,介绍了常用电工测量仪表和电子实验测量仪器的基本原理与使用方法,常用电子电路元器件,电路原理实验,三相电动机和直流电动机的性能与控制方法实验等内容。 |
| ● |
| 相关链接 |
|
|
|
正题名:电工电子实验与计算机仿真
索取号:TM-33/Z9682=3
 
预约/预借
| 序号 | 登录号 | 条形码 | 馆藏地/架位号 | 状态 | 备注 |
| 1 | 0835405 | 208354056 | 自科库301/301自科库 2排3列3层/ [索取号:TM-33/Z9682=3] | 在馆 | |
| 2 | 0835406 | 208354065 | 自科二线404/404自科库 12排3列5层/ [索取号:TM-33/Z9682=3] | 在馆 | |
| 3 | 0835407 | 208354074 | 自科库301/301自科库 2排3列3层/ [索取号:TM-33/Z9682=3] | 在馆 |